00793nam a22002055i 4500001000700000003000900007005001700016008004100033040002000074100003300094245006000127260004400187300002200231490004300253650002800296830005100324852006700375999001900442952012600461161596ES-MaACL20230906212323.0041021s1877 gw |||| | eng d aCAM bspa cCAM1 aPeard, Frances Mary.913092512aA madrigal and other stories / cby Frances Mary Peard. aLeipzig : bBernhard Tauchnitz, c1877. a304 p. ; c16 cm.1 aCollection of british authors ; v1653 4aNovela inglesa.91374080 aCollection of british authors ; v16539180703 aES-MaACLjG-11995 z-- Enc. hol., conservando la cub. original c161596d161596 001040708LIBXIXaATENEOMbATENEOMcSPP3d2008-01-17eSSCl0oG-11995p1169271r2023-02-23 00:00:00w2023-02-23yMONANT